Statistiques concernant Les 7 arts

Cliquez ici pour prendre le quiz!

Statistiques générales

  • Ce quiz a été pris 126 fois
  • Le résultat moyen est 18 sur 35

Statistiques - réponses

HintRéponse% Correct
À qui doit-on « Le Penseur »?Auguste Rodin
88%
Qui a écrit « Le Petit Prince »?Antoine de Saint-Exupéry
82%
Arts de la scèneAu cours de quel siècle Molière a-t-il vécu?17e siècle
78%
Qui est la figure de proue du pop art américain?Andy Warhol
72%
Qui a écrit « le Cid » en 1636?Corneille
72%
Qui est le compositeur du célèbre ballet, Boléro?Maurice Ravel
72%
Quel est le pays qui produit le plus de films au monde?Inde
71%
À qui doit-on le tableau « Le Déjeuner sur l’herbe »?Édouard Manet
69%
Quelle statue monumentale s’érige sur la montagne Corcovado?Le Christ Rédempteur
69%
Quel mouvement pictural est représenté par les peintres Monet, Renoir, Degas?Impressionnisme
68%
De quelle année date la première publication d’ « Harry Potter à l’école des sorciers » en France?1998
66%
Qui a inventé le cinéma?Les Frères Lumière
65%
Quand a été inauguré la Tour Eiffel?1889
64%
SculptureDans quelle ville se trouve la célèbre statue de David par Michel-Ange?Florence
64%
Quel grand festival, rassemblement emblématique de la culture hippie s’est tenu en aout 1969?Woodstock
62%
Dans quelle pièce trouve-t-on la fameuse repartie « to be or not to be »?Hamlet
60%
Dans quel pays se trouve la plus grande structure architecturale au monde?Chine
57%
Quelle construction est la plus haute du monde?Burj Khalifa
53%
Quelle était la nationalité de Wolfgang Amadeus Mozart?Autrichienne
52%
Qui est le créateur de la Marseillaise?Claude Joseph Rouget de Lisle
52%
ArchitectureÀ quel pharaon était dédié la Grande pyramide d’Egypte?Khéops
51%
Qui a créer le personnage de Sherlock Holmes?Arthur Conan Doyle
50%
CinémaQuel est le film ayant récolté le plus de recette au monde (chiffres 2021)?Avatar
50%
Quel est le ballet le plus représenté au monde?Le lac des cygnes
49%
Dans la série des X-Men quel acteur incarne Wolverine?Hugh Jackman
44%
Comment se nomme le tableau emblématique de Botticelli?La Naissance de Vénus
40%
LittératureQuel est le nom du personnage principal du roman « Germinal »?Étienne Lantier
29%
Qui est l’architecte de la pyramide du Louvre?Ieoh Ming Pei
29%
Comment se nomment les statues monumentales qui se trouve sur l’Ile de Pâques?Les Moaï
28%
Qui est le réalisateur du film The Shape of Water?Guillermo del Toro
24%
Arts visuelsÀ quel peintre doit-on le plafond de la salle de spectacle de l’Opéra de Paris?Marc Chagall
24%
MusiqueCitez un des membres du groupe Queen (hors Freddie Mercury)Brian May, Roger Taylor, John Deacon
16%
Dans « la ferme des animaux » de quel régime Georges Orwell fait-il la satire?Le stalinisme
10%
Qui est considéré comme l’un des maitres de la sculpture antique grecque?Praxitèle
9%
De quelle origine est la célèbre compagnie du « Cirque du Soleil »?Québécoise
9%

Distribution des résultats

Percentile par nombre de réponses

% des personnes avec chaque résultat

Votre développement - résultats

Vous n’avez pas pris ce quiz